Portuguese merchants and missionaries in feudal Japan, 1543-1640
Guardat en:
| Autor principal: | |
|---|---|
| Format: | Llibre |
| Idioma: | anglès |
| Publicat: |
Hampshire
Variorum
1986
|
| Matèries: | |
| Etiquetes: |
Afegir etiqueta
Sense etiquetes, Sigues el primer a etiquetar aquest registre!
|
MARC
| LEADER | 00000nam a2200000 a 4500 | ||
|---|---|---|---|
| 001 | UCY5257 | ||
| 003 | CL-VaPUC | ||
| 008 | 950421e19860000UK |||||||||||||||||eng|d | ||
| 082 | 0 | 4 | |a 327 |b BOX |2 21 |
| 100 | 0 | |a Boxer, C. R |e author |9 333946 | |
| 245 | 1 | 0 | |a Portuguese merchants and missionaries in feudal Japan, 1543-1640 |
| 300 | |a 540 p | ||
| 942 | |c BK | ||
| 945 | |d 19950421 00:00:00 |a aalvarez | ||
| 260 | |a Hampshire |b Variorum |c 1986 | ||
| 650 | 0 | |a Relaciones Exteriores |9 255379 | |
| 651 | 7 | |a PORTUGAL |2 CL-VaPUC |9 255007 | |
| 651 | 0 | |a Japón |9 260391 | |
| 583 | |a last modification |c 20130411 08:38:35 |k Rodrigo Vera | ||
| 999 | |c 232955 |d 232953 | ||
| 952 | |0 0 |1 0 |4 0 |6 327_000000000000000_BOX_1986 |7 0 |8 A |9 237972 |a BIBGIM |b BIBGIM |d 2019-11-18 |i 3079236 |o 327 BOX 1986 |p 3079236 |r 2025-01-15 |w 2019-11-18 |y BK |k ORI | ||